00254nam a2200097 4500082001400000100002600014245006700040260002000107300000700127500002200134 a363.7 TOW aSiromi I,Samarasinghe aTowarda a Cleaner Industrial Envirnment in the New Millennium aColombobICHEMC a57 aTraining Seminar